Αρχαία ελληνική γραμματολογία

Αποθηκεύτηκε σε:
Λεπτομέρειες βιβλιογραφικής εγγραφής
Κύριος συγγραφέας: Κακριδής, Φάνης Ι., 1933-2019
Συγγραφή απο Οργανισμό/Αρχή: Ινστιτούτο Νεοελληνικών Σπουδών Ίδρυμα Μανόλη Τριανταφυλλίδη
Μορφή: Βιβλίο
Γλώσσα:Greek
Δημοσίευση: Θεσσαλονίκη : Αριστοτέλειο Πανεπιστήμιο Θεσσαλονίκης, Ινστιτούτο Νεοελληνικών Σπουδών (Ίδρυμα Μανόλη Τριανταφυλλίδη), 2005.
Σειρά:Αρχαιογνωσία και αρχαιογλωσσία στη μέση εκπαίδευση ; v.3
Θέματα:
Ετικέτες: Προσθήκη ετικέτας
Δεν υπάρχουν, Καταχωρήστε ετικέτα πρώτοι!

MARC

LEADER 00000cam a2200000 i 4500
001 1/19302
008 120509s2005 gr | ||| |||| ||gre||
020 |a 9602311142 
035 |l 10112382 
040 |a GR-MY-UA  |b gre  |e aacr 
041 0 |a gre 
082 7 |a 880.1   |2 (22) 
100 1 |a Κακριδής, Φάνης Ι.,   |d 1933-2019. 
245 1 0 |a Αρχαία ελληνική γραμματολογία /   |c Φάνης Ι. Κακριδής.  
260 |a Θεσσαλονίκη :   |b Αριστοτέλειο Πανεπιστήμιο Θεσσαλονίκης, Ινστιτούτο Νεοελληνικών Σπουδών (Ίδρυμα Μανόλη Τριανταφυλλίδη),   |c 2005.  
300 |a 320 σ. :   |b πιν. ;   |c 24 εκ.  
490 1 |a (Αρχαιογνωσία και αρχαιογλωσσία στη μέση εκπαίδευση ;   |v  vol.3) 
504 |a Περιέχει βιβλιογραφικές παραπομπές και ευρετήριο.  
650 0 0 |a Greek literature  |x Criticism, Textual. 
650 0 0 |a Greek literature  |x History and criticism. 
650 0 0 |a Classical literature. 
650 0 0 |a Literature  |x History and criticism. 
650 0 0 |a Philosophy, Ancient  |x History. 
710 2 |a Ινστιτούτο Νεοελληνικών Σπουδών  |b Ίδρυμα Μανόλη Τριανταφυλλίδη. 
830 0 |a Αρχαιογνωσία και αρχαιογλωσσία στη μέση εκπαίδευση ;  |v  v.3 
852 |a INST  |b RHODES  |e 20120509  |h 880.1 ΚΑΚ  |p 005400034358  |q 005400034358  |t BK  |y 0 
901 |a BIBL4-2012-2 
909 |a Ρ  |b 171000 
922 |a 4ΕΛΗ 
970 |z 2012/05/09